Normal view MARC view
  • Mok, Soon Sang,

Entry Personal Name

Number of records used in: 1

001 - CONTROL NUMBER

  • control field: 457

003 - CONTROL NUMBER IDENTIFIER

  • control field: OSt

005 - DATE AND TIME OF LATEST TRANSACTION

  • control field: 20170426102937.0

008 - FIXED-LENGTH DATA ELEMENTS

  • fixed length control field: 170426|| aca||aabn | a|a d

040 ## - CATALOGING SOURCE

  • Original cataloging agency: OSt
  • Transcribing agency: OSt

100 ## - HEADING--PERSONAL NAME

  • Personal name: Mok, Soon Sang,
  • Dates associated with a name: 1942-

670 ## - SOURCE DATA FOUND

  • Source citation: Work cat.: (OSt)0: Mok, Soon Sang, 1942-, Kursus Induksi Perkhidmatan Awam dan Kenegaraan /, 2010
Pusat Sumber Maklumat Dato' Haji Sarmin Md Hussin, Akademi Kastam Diraja Malaysia, Melaka
Tel: 06-2331106 | Faks: 06-2313787